000 02123cam a22004934i 4500
003 PE-LiUPU
005 20250731172954.0
008 150623s r 000 0 d
035 _a(Sirsi) a21551
040 _aPE-LiUPU
_bspa
_cPE-LiUPU
_erda
082 0 4 _a272.209 852 1
_bM22
_221
100 1 _aMannarelli, María Emma,
_d1954-,
_eautor.
245 1 0 _aHechiceras, beatas y expósitas :
_bmujeres y poder inquisitorial en Lima.
264 1 _aLima :
_bEdiciones del Congreso de la República del Perú,
_c1998.
300 _a111 páginas ;
_c20.5 cm.
336 _atext
_2rdacontent
337 _aunmediated
_2rdamedia
338 _avolume
_2rdacarrier
504 _aIncluye bibliografía.
505 0 _aIntroducción. -Inquisición y mujeres. Las hechiceras en el Perú durante el siglo XVII. -Beatas e inquisición. -El caso de Angela de Carranza. -La inquisición y el colegio de las niñas expósitas de Santa Cruz de Atocha.
526 _aSEG42
526 _aSEG41
526 _aSEG40
526 _aSEG39
526 _aP94
526 _aP87
526 _aP86
526 _aP85
526 _aP77
526 _aP76
526 _aP35
650 0 4 _aInquisición
_zPerú - Lima.
650 0 4 _aMujeres
_xHistoria
_vCondiciones sociales
_ySiglo XVII.
650 0 4 _aBrujería
_zLima.
650 0 4 _aPerú
_xHistoria
_yVirreinato, 1555-1808.
910 _ajck
_bncf
_cncf
_d20161005
942 _2ddc
_cBOOK
949 _a272.209 852 1 M22
_wDEWEY
_c1
_i45144
_lCCODEBUL1
_mBUL
_p00.00
_r0
_sY
_tBOOK
_u2015-06-24
_xBIBLIOTECA
_zUNKNOWN
_0COMPRA
_o.STAFF. Colección General
596 _a1
999 _a272.2098521 M22
_wDEWEY
_c22026
_i45144
_d22026
_e2018-10-11
_f2021-11-11
_g5
_lCCODEBUL1
_mBUL
_n2
_q2
_r0
_sY
_tBOOK
_u2015-6-24
_xTEOLOGIA
_zUNKNOWN
_0COMPRA
_o.STAFF. Colección General
999 _a272.2098521 M22
_wDEWEY
_c2
_i74816
_d2018-11-22
_e2018-10-22
_f2021-11-11
_g5
_lCCODEBUL1
_mBUL
_n1
_p20.77
_q3
_r0
_sY
_tBOOK
_u2016-10-5
_xTEOLOGIA
_PP35
_0COMPRA
_o.STAFF. Colección Teología
980 _81
_gALBERTO SANCHEZ Responsable de Automatización